Vybrané časti stavebno-technologickej prípravy pre stavbu PERLA RUŽINOVA - 2. etapa
Gespeichert in:
| 1. Verfasser: | |
|---|---|
| Weitere Verfasser: | |
| Format: | Manuskript Buch |
| Sprache: | Slowakisch |
| Veröffentlicht: |
2015
|
| Schlagworte: | |
| Online-Zugang: | http://is.stuba.sk/zp/portal_zp.pl?podrobnosti=109713 https://opac.crzp.sk/?fn=detailBiblioForm&sid=78283B71680DBAF21542DA1D22D4 |
| Tags: |
Keine Tags, Fügen Sie das erste Tag hinzu!
|
MARC
| LEADER | 00000ntm a22000003a 4500 | ||
|---|---|---|---|
| 001 | stuzp52927 | ||
| 003 | SK-STU | ||
| 005 | 20231013161019.4 | ||
| 007 | ta | ||
| 008 | 150427s2015----xo-----f-mn---000-0-slo-d | ||
| 040 | |a STU |b slo | ||
| 041 | 0 | |a slo | |
| 100 | 1 | |a Klenovská, Lucia |u 010270 |4 aut |U SvF Stavebná fakulta |T SvF Katedra technológie stavieb |X 58374 |U V270 |Y 28 |7 A000058374 | |
| 242 | 0 | 1 | |a Selected part construction and technological preparation for construction Perla Ružinova - Stage 2 |y eng |
| 245 | 1 | 0 | |a Vybrané časti stavebno-technologickej prípravy pre stavbu PERLA RUŽINOVA - 2. etapa |
| 260 | |c 2015 | ||
| 650 | 4 | |a spodná stavba |2 slo | |
| 650 | 4 | |a zariadenie staveniska |2 slo | |
| 650 | 4 | |a hrubá stavba |2 slo | |
| 650 | 4 | |a ochrana pred hlukom |2 slo | |
| 650 | 4 | |a area arrangement |2 eng | |
| 650 | 4 | |a protection against noise |2 eng | |
| 650 | 4 | |a substructure / ground works |2 eng | |
| 650 | 4 | |a shell construction |2 eng | |
| 700 | 1 | |a Juríček, Ivan |4 ths |X 878 |7 A000000878 | |
| 856 | 4 | |u http://is.stuba.sk/zp/portal_zp.pl?podrobnosti=109713 | |
| 856 | 4 | |u https://opac.crzp.sk/?fn=detailBiblioForm&sid=78283B71680DBAF21542DA1D22D4 | |
| SQL | |a stuzp52927 |b DDP |c SLO |d Vybrané časti stavebno-technologickej prípravy pre stavbu PERLA RUŽINOVA - 2. etapa |e 58374 |f Klenovská, Lucia |g 010270 |h 878 |i Juríček, Ivan |j 20150618 |k 681 |l 01 |m http://is.stuba.sk/zp/portal_zp.pl?podrobnosti=109713 |n I-TS |o 5.2.8. stavebníctvo | ||